000 00275 a2200133 4500
001 194796
040 _cMagnum
100 _aAlencar, José de
240 1 0 _aA pata da gazela
_lpor
245 1 0 _aA pata da gazela
300 _a63
697 _aLITERATURA GERAL
942 _cBK
999 _c194796
_d194796